| 000 | 00718nam a2200229Ia 4500 | ||
|---|---|---|---|
| 999 |
_c39303 _d39303 |
||
| 001 | 5889 | ||
| 003 | GE_BSU | ||
| 005 | 20221116105400.0 | ||
| 008 | 181216s2004||||enk|||||||||||||| ||eng|| | ||
| 020 | _a0324203047 x | ||
| 040 | _cGE_BSU | ||
| 080 | _a316.472.4+316.32 M-29 | ||
| 100 |
_aMarconi joe. _9692 |
||
| 245 |
_aPublic relations : _bThe complete guide / _cMarconi joe ; Edition-in chief Dave staut. |
||
| 264 |
_aAmerica : _bMarketing association ; _c2004. |
||
| 300 |
_a386p. ; _c23 cm. |
||
| 541 | _h205g. | ||
| 653 | _aPublic | ||
| 653 | _aსაზოგადოებასთან ურთიერთობა | ||
| 700 |
_a Dave, staut _eრედაქტორი _94996 |
||
| 942 |
_cBK _2udc |
||